000 00244pam a2200121 a 4500
020 _c
041 _aeng
100 _aEmersan.R.W.
245 _aEssays
_hTextual Documents
260 _a[s.l]:
_bEurasia Pub
300 _a446p.
930 _a15565
999 _c92465
_d92465